| 000 | 00785cam a2200289 4500 | ||
|---|---|---|---|
| 008 | 090401t1992 xxu||||| |||| 00| 0 eng d | ||
| 020 | _a0854065474 | ||
| 035 | _a(Sirsi) u56186 | ||
| 041 | _aeng | ||
| 050 | _a712.7 | ||
| 090 | _aRICS 1992/39ABCD | ||
| 100 | _aHawtree, M.G. | ||
| 245 | _aGolf course design and planning. | ||
| 260 |
_aLondon _bRICS _c1992 |
||
| 300 | _a12p. ; 30cm. | ||
| 350 | _a5 | ||
| 520 | _aProduced by the Rural Practice Division of the Royal Institution of Chartered Surveyors. | ||
| 650 | _aCOSTS | ||
| 650 | _aDEVELOPMENT | ||
| 650 | _aGOLF COURSES | ||
| 650 | _aGUIDANCE NOTES | ||
| 650 | _aRICS | ||
| 690 | _aLEISURE AND RECREATION | ||
| 710 |
_aRoyal Institution of Chartered Surveyors _94900 |
||
| 942 | _n0 | ||
| 948 | _c04/03/1997 | ||
| 999 |
_c93736 _d93736 |
||